| 000 | 01094cam a22003253a 4500 | ||
|---|---|---|---|
| 001 | 2943 | ||
| 003 | FISKH | ||
| 005 | 20240124153353.0 | ||
| 008 | 951026t19761962nyua j 000 1 eng d | ||
| 010 | _a 2002563105 | ||
| 020 | _a0440998050 (pbk.) | ||
| 020 | _a9780141354934 | ||
| 035 | _a(OCoLC)ocm33375528 | ||
| 040 |
_aTOL _cTOL _dDLC _beng |
||
| 042 | _alccopycat | ||
| 050 | 0 | 0 | _aPZ7.L5385 |
| 082 | _a813.54 | ||
| 100 | 1 | _aL'Engle, Madeleine. | |
| 245 | 1 | 2 |
_aA wrinkle in time / _cMadeleine L'Engle. |
| 250 | _aThis edition published in 2012 | ||
| 260 |
_aNew York : _bPuffin Books, _c1962 |
||
| 300 |
_a256 pages : _ccolor illustrations ; _b20 cm |
||
| 520 | _aMeg Murry and her friends become involved with unearthly strangers and a search for Meg's father, who has disappeared while engaged in secret work for the government. | ||
| 650 |
_aTime Travel _vchildren's literature |
||
| 650 |
_aYoung Adult _vFantasy |
||
| 655 | 7 |
_aYoung adult fiction. _2lcsh |
|
| 655 | 7 |
_aFantasy fiction. _2gsafd |
|
| 906 |
_a7 _bcbc _ccopycat _d2 _encip _f20 _gy-genrareb |
||
| 942 |
_2ddc _cBK _n0 |
||
| 999 |
_c2943 _d2943 |
||